It looks like you're offline.
Open Library logo
additional options menu

MARC Record from Scriblio

Record ID marc_records_scriblio_net/part07.dat:109755227:793
Source Scriblio
Download Link /show-records/marc_records_scriblio_net/part07.dat:109755227:793?format=raw

LEADER: 00793cam 2200217 4500
001 73013271 //r94
003 DLC
005 19940113092938.5
008 740329r19741880ctu 000 1 eng
010 $a 73013271 //r94
020 $a088355125X$a0883551543 (pbk.)
040 $aDLC$cDLC$dDLC
050 00 $aPZ3.G8616$bAc12$aPR4728.G4
082 00 $a823/.8
100 10 $aGreg, Percy,$d1836-1889.
245 10 $aAcross the zodiac:$bthe story of a wrecked record.$cDeciphered, translated and edited by Percy Greg. Two volumes in one, with a new introd. by Sam Moscowitz.
260 0 $aWestport, Conn.,$bHyperion Press$c[1974]
300 $a296, 288 p.$c23 cm.
490 0 $aClassics of science fiction
500 $aReprint of the 1880 ed. published by Trübner, London.
655 7 $aScience fiction.$2gsafd